| 000 | 01342nam a2200277Ia 4500 | ||
|---|---|---|---|
| 003 | OSt | ||
| 005 | 20200827123524.0 | ||
| 008 | 191128s2018 ck ad gr 000 0 spa d | ||
| 020 | _a9789587715224 | ||
| 040 |
_aCo-JMCR _cCo-JMCR |
||
| 041 | 0 | _aspa | |
| 082 | 0 | 4 |
_a370.711 / _bT653a _223 |
| 100 | 1 |
_aToloza Martínez, Claudia Ellizabeth, _eautora _99355 |
|
| 245 | 1 | 0 |
_aAutoevaluacióin, gestión y calida de la educación : _buna década de investigación en la maestría en práctica pedagógica de la UFPS / _cToloza Martínez Claudia Elizabeth, Villamizar Suárez, Gustavo, Adriana Rodríguez Lizcano |
| 250 | _aPrimera edición | ||
| 260 |
_aBogotá : _bEcoe Ediciones : Universidad Francisco de Paula Santander, _c2017. |
||
| 300 |
_a119 Páginas : _bdiagramas a blanco y negro ; _c24 cm. |
||
| 504 | _aBibliografía : páginas 115-119. | ||
| 505 | 0 | _aAproximación teórica de la línea de investigación -- Práctica evaluativa del docente -- La práctica pedagógica del docente -- Práctica pedagógica -- Práctica pedagógica y práctica investigativa | |
| 650 | 2 | 4 |
_aFormación profesional de maestros _99356 |
| 650 | 2 | 4 |
_aEducación _99357 |
| 650 | 2 | 4 |
_aInvestigación _xPedagogía _99358 |
| 700 | 1 |
_aVillamizar Suárez, Gustavo, _eautor _99359 |
|
| 700 | 1 |
_aAdriana Rodríguez Lizcano _eautora _99360 |
|
| 942 |
_2ddc _cBK |
||
| 999 |
_c3982 _d3982 |
||